Ô tô máy kéo

में बचाया:
ग्रंथसूची विवरण
मुख्य लेखक: Dương Đình Khuyến
स्वरूप: पुस्तक
भाषा:Undetermined
प्रकाशित: Hà Nội Trường Đại học Bách khoa Hà Nội 1993
विषय:
टैग : टैग जोड़ें
कोई टैग नहीं, इस रिकॉर्ड को टैग करने वाले पहले व्यक्ति बनें!
Thư viện lưu trữ: Trung tâm Học liệu Trường Đại học Cần Thơ
LEADER 00499nam a2200169Ia 4500
001 CTU_35434
008 210402s9999 xx 000 0 und d
082 |a 629.2 
082 |b Kh527 
100 |a Dương Đình Khuyến 
245 0 |a Ô tô máy kéo 
245 0 |c Dương Đình Khuyến 
260 |a Hà Nội 
260 |b Trường Đại học Bách khoa Hà Nội 
260 |c 1993 
650 |a automobile 
980 |a Trung tâm Học liệu Trường Đại học Cần Thơ